| 000 | 00542nam a2200205Ia 4500 | ||
|---|---|---|---|
| 003 | GCL | ||
| 008 | 140319s9999 xx 000 0 eng d | ||
| 040 |
_aGCL / _cGCL |
||
| 082 | 0 | 4 |
_a617.6 _bR D |
| 100 | 1 | _aROCK, W.P. | |
| 245 | 1 | 0 |
_aDIAGNOSTIC PICTURE TESTS IN PAEDIATRICS DENTISTRY / _cROCK, W.P. |
| 700 | 1 | _aGRUNDY, MARGARET C. | |
| 700 | 1 | _aSHAW, LINDA | |
| 260 |
_a[S.N] : _bWOLFE MEDICAL PUBLICATION LTD ، _c1991 |
||
| 300 | _a128 | ||
| 650 | 0 | 4 | _aDENTISTRY |
| 650 | 0 | 4 | _aMEDICINE |
| 650 | 0 | 4 | _aORAL MEDICINE |
| 942 |
_2ddc _cBK |
||
| 999 |
_c17102 _d17102 |
||